000 003060000a22000970004500
100 1 _aHill, Jo
245 1 0 _aAs good as it gest : The children of Tajikistan know little of the political uncertainty that hangs over their region
300 _aNum. 17, (2001), Páginas 4-9
773 0 _tTeartimes
942 _cANA
999 _c55924
_d55924